Vademecum internacional : primera guía farmacológica completa / directora Ma. Jesús Canales (Registro nro. 179262)

000 -LEADER
fixed length control field 00782cam a2200265 a 4500
001 - CONTROL NUMBER
control field 179262
003 - CONTROL NUMBER IDENTIFIER
control field OSt
005 - DATE AND TIME OF LATEST TRANSACTION
control field 20180921
008 - FIXED-LENGTH DATA ELEMENTS--GENERAL INFORMATION
fixed length control field
040 ## - CATALOGING SOURCE
Original cataloging agency DLC
Transcribing agency DLC
245 ## - TÍTULO PROPIAMENTE DICHO: SUBTÍTULO
Title Vademecum internacional : primera guía farmacológica completa
Statement of responsibility, etc. directora Ma. Jesús Canales
260 ## - PUBLICATION, DISTRIBUTION, ETC.
Place of publication, distribution, etc. Madrid :
Name of publisher, distributor, etc. UBM Médica Spain
300 ## - PHYSICAL DESCRIPTION
Extensión 1058 p.
504 ## - BIBLIOGRAPHY, ETC. NOTE
Bibliography, etc. note Incluye índice
650 ## - ASIENTO SECUNDARIO DE MATERIA -- TERMINO TEMÁTICO
Termino Temático Como Elemento de Entrada Farmacología
-- Medicamentos
-- Terapeútica
700 ## - ASIENTO SECUNDARIO -- NOMBRE PERSONAL
Personal name Canales, María de Jesús, dir
942 ## - ADDED ENTRY ELEMENTS (KOHA)
Source of classification or shelving scheme
Koha item type Libros
Existencias
Withdrawn status Lost status Source of classification or shelving scheme Damaged status Not for loan Permanent Location Current Location Date acquired Full call number Koha item type
          Biblioteca Central. Universidad Central del Este Biblioteca Central. Universidad Central del Este 2018-08-17 R 615.1 V123i 2011 Libros